Aportes al conocimiento del cultivo del olivo en Chile

Kaydedildi:
Detaylı Bibliyografya
Yazar: Fichet Lagos, Thomás Gilbert (autor)
Diğer Yazarlar: Henríquez S., José Luis (autor)
Materyal Türü: Kitap
Dil:İspanyolca
Baskı/Yayın Bilgisi: Santiago Universidad de Chile 2013
Edisyon:1a. ed
Seri Bilgileri:Ciencias Agrónómicas, 21
Konular:
Etiketler: Etiketle
Etiket eklenmemiş, İlk siz ekleyin!

MARC

LEADER 00000cam a2200000 a 4500
001 UCE2329
003 CL-VaPUC
008 140619e20130000cl |||||||||||||||||spa|d
020 |a 9789561903630 
082 0 4 |a 634.63  |b FIC  |2 21 
100 |a Fichet Lagos, Thomás Gilbert  |e autor  |9 786623 
700 |a Henríquez S., José Luis  |e autor  |9 590800 
245 1 0 |a Aportes al conocimiento del cultivo del olivo en Chile 
250 |a 1a. ed 
300 |a 264 p 
942 |c BK 
945 |d 20140619 13:53:00  |a dcastane 
260 |a Santiago  |b Universidad de Chile  |c 2013 
650 0 |a Olivo  |9 264818 
650 0 |a Olivicultura  |9 404722 
650 0 |a Aceitunas  |9 264821 
650 0 |a Aceite de oliva  |9 264820 
583 |a last modification  |c 20140619 13:53:00  |k Rodrigo Vera 
490 0 |a Ciencias Agrónómicas, 21 
999 |c 355959  |d 355957 
952 |0 0  |1 0  |3 erd  |4 0  |6 634_630000000000000_FIC_2013  |7 0  |8 A  |9 462952  |a BIBAGR  |b BIBAGR  |i 5085055  |o 634.63 FIC 2013  |p 5085055  |r 2025-01-20  |w 2019-11-23  |y BK  |z Catalogado en:20140619  |k AGR